[Event "AUTO-OPEN-2418"]
[Site "http://www.queenalice.com/game.php?id=961695"]
[Date "2011.7.18"]
[Round "1"]
[White "potter_brasil"]
[Black "daga2008"]
[Result "0-1"]
[WhiteElo "1508"]
[BlackElo "1539"]

1. e4 e5 2. Bc4 Qe7 3. Nf3 Na6 4. d3 d6 5. Ng5 Nh6 6. f4 f6 7. Nf3 Bd7 8. fxe5
dxe5 9. Bxh6 gxh6 10. Nc3 Rb8 11. Nh4 f5 12. Qh5+ Kd8 13. Nxf5 Qe8 14. Bf7 Bxf5
15. Bxe8 c6 16. exf5 Nc7 0-1

[Event "AUTO-OPEN-2418"]
[Site "http://www.queenalice.com/game.php?id=961696"]
[Date "2011.7.18"]
[Round "1"]
[White "daga2008"]
[Black "potter_brasil"]
[Result "1-0"]
[WhiteElo "1554"]
[BlackElo "1493"]

1. e4 e5 2. Nc3 Nf6 3. f3 Nh5 4. d3 Qh4+ 5. Kd2 Bb4 6. Qe2 Nc6 7. g3 Nxg3 8.
hxg3 Qxh1 9. Nh3 d6 10. a3 Nd4 11. Qf2 Qxf3 12. Qxf3 Nxf3+ 13. Ke2 Bg4 14. axb4
Nh2+ 15. Ke1 Nxf1 16. Kxf1 Bxh3+ 17. Kg1 1-0

[Event "AUTO-INT-2090"]
[Site "http://www.queenalice.com/game.php?id=961811"]
[Date "2011.7.18"]
[Round "1"]
[White "roughneck_mofo"]
[Black "potter_brasil"]
[Result "1-0"]
[WhiteElo "1525"]
[BlackElo "1577"]

1. d4 Nf6 2. Bg5 g6 3. Bxf6 exf6 4. d5 Bg7 5. Qd4 O-O 6. c3 f5 7. Qc4 b6 8. e3
Bb7 9. Na3 c6 10. d6 Be5 11. O-O-O Qf6 12. Qd3 Na6 13. Nc4 Nc5 14. Qd2 Ne4 15.
Qe2 Bxd6 16. Nxd6 Nxd6 17. Qd2 Ne4 18. Qe2 d5 19. f3 Nc5 20. Rd4 Ne6 21. Rb4 c5
22. Ra4 Rfe8 23. Qb5 Ng5 24. Ne2 Bc6 25. Qa6 Bxa4 26. Qxa4 Rxe3 27. Qd7 Rd8 28.
Qxa7 Rde8 29. Kc2 Rxe2+ 30. Bxe2 Rxe2+ 31. Kb3 c4+ 32. Ka3 Qd6+ 33. Ka4 Rxb2 34.
a3 Ra2 35. Kb5 Qc5+ 36. Ka6 Rxa3+ 37. Kb7 Qe7+ 38. Kxb6 Qxa7+ 39. Kc6 Ra5 40.
Kd6 f6 41. Re1 Qb6+ 42. Ke7 Ra7+ 43. Ke8 1-0

[Event "AUTO-INT-2090"]
[Site "http://www.queenalice.com/game.php?id=961812"]
[Date "2011.7.18"]
[Round "1"]
[White "potter_brasil"]
[Black "roughneck_mofo"]
[Result "0-1"]
[WhiteElo "1597"]
[BlackElo "1505"]

1. e4 d5 2. exd5 Qxd5 3. Nc3 Qe5+ 4. Qe2 Qf5 5. d3 Nc6 6. Nf3 e5 7. g3 Bb4 8.
Bd2 h6 9. Bg2 Nf6 10. O-O Be6 11. a3 Ba5 12. Rfe1 O-O-O 13. Nxe5 Nxe5 14. Qxe5
Bb6 15. Qxf5 Bxf5 16. Be3 a6 17. Na4 Bxe3 18. fxe3 Nd5 19. e4 Ne3 20. exf5 Nxc2
21. Be4 Nxa1 22. Rxa1 Rhg8 23. Rc1 Rd6 24. Nc5 Rb6 25. b4 g5 26. fxg6 fxg6 27.
Bd5 Re8 28. Be6+ Rexe6 29. Nxe6 Rxe6 30. Kf2 g5 31. Kf3 h5 32. Rc5 g4+ 33. Kf4
Rd6 34. Rc3 b6 35. Ke5 Kd7 36. d4 c6 37. Rd3 Rd5+ 38. Kf6 a5 39. bxa5 Rxa5 40.
Re3 c5 41. dxc5 Rxc5 42. Re7+ Kc6 0-1

[Event "AUTO-INT-2090"]
[Site "http://www.queenalice.com/game.php?id=961829"]
[Date "2011.7.18"]
[Round "1"]
[White "potter_brasil"]
[Black "reynegro64"]
[Result "1-0"]
[WhiteElo "1668"]
[BlackElo "1261"]

1. e4 c5 2. g3 g6 3. Bg2 Bg7 4. c4 Nc6 5. f4 e5 6. Ne2 Nge7 7. O-O exf4 8. Nxf4
O-O 9. Nc3 d6 10. b3 Nd4 11. Bb2 Nec6 12. Qc1 Bg4 13. h3 Be6 14. Nce2 Qd7 15.
Nxd4 Nxd4 16. Bxd4 Bxd4+ 17. Kh1 Rae8 18. g4 1-0

[Event "AUTO-INT-2090"]
[Site "http://www.queenalice.com/game.php?id=961830"]
[Date "2011.7.18"]
[Round "1"]
[White "reynegro64"]
[Black "potter_brasil"]
[Result "0-1"]
[WhiteElo "1261"]
[BlackElo "1668"]

1. e4 e5 2. Nf3 Nc6 3. Bc4 Bc5 4. O-O Nf6 5. d3 d6 6. Nc3 Bg4 7. Be3 Bd4 8. Bg5
h6 9. Be3 O-O 10. h3 Bh5 11. Nd5 Na5 12. c3 Nxc4 13. Nxf6+ Qxf6 14. dxc4 Bxf3
15. Qxf3 Qxf3 16. gxf3 Bxe3 17. fxe3 Kh7 18. Rad1 Kg6 19. Rd5 a6 20. Rfd1 Rad8
0-1

[Event "Challenge"]
[Site "http://www.queenalice.com/game.php?id=962658"]
[Date "2011.7.20"]
[Round "-"]
[White "potter_brasil"]
[Black "rsiqueira"]
[Result "1-0"]
[WhiteElo "1631"]
[BlackElo "1455"]

1. e4 d5 2. exd5 Qxd5 3. Nc3 Qe6+ 4. Qe2 Qxe2+ 5. Bxe2 Nf6 6. Nf3 Bf5 7. d3 e6
8. Nh4 Bb4 9. Bd2 Bxc3 10. Bxc3 Nbd7 11. Nxf5 exf5 12. O-O-O O-O 13. Rhe1 Rae8
14. d4 c6 15. Bb4 g6 16. Bxf8 Kxf8 17. Bc4 b5 18. Rxe8+ Nxe8 19. Bb3 Nef6 20. f3
Nb6 21. Re1 a5 22. a4 b4 23. Re5 Nfd5 24. Bxd5 Nxd5 25. g3 h5 26. Kd2 Kg7 27. c4
Nb6 28. b3 Kf6 29. Rxa5 Nc8 30. Ra6 Ne7 31. Rb6 g5 32. Rxb4 g4 33. f4 h4 34. a5
hxg3 35. hxg3 1-0

[Event "Challenge"]
[Site "http://www.queenalice.com/game.php?id=963209"]
[Date "2011.7.21"]
[Round "-"]
[White "potter_brasil"]
[Black "jld"]
[Result "0-1"]
[WhiteElo "1652"]
[BlackElo "1505"]

1. e4 e5 2. Bc4 Nf6 3. Nc3 c6 4. Nf3 Qb6 5. Nxe5 Bc5 6. Bxf7+ Kf8 7. O-O d6 8.
Na4 Qb5 9. Nxc5 Qxc5 10. Nd3 Qg5 11. Bb3 Nh5 12. Ne1 Nf4 13. Qf3 Bg4 14. Qg3
Ne2+ 15. Kh1 Nxg3+ 16. fxg3+ Ke8 17. d4 Qb5 18. Bf7+ Ke7 19. Bg5+ Qxg5 0-1

[Event "AUTO-OPEN-2493"]
[Site "http://www.queenalice.com/game.php?id=990549"]
[Date "2011.9.27"]
[Round "1"]
[White "potter_brasil"]
[Black "Prosperidade"]
[Result "0-1"]
[WhiteElo "1443"]
[BlackElo "2060"]

1. e4 e5 2. Bc4 d6 3. Nf3 h6 4. d4 exd4 5. Nxd4 c5 6. Nb5 a6 7. Qh5 g6 8. Qd5
Qd7 9. N5c3 Nf6 10. Qd1 Nc6 11. Be3 Ne5 12. Bb3 c4 0-1

[Event "AUTO-OPEN-2493"]
[Site "http://www.queenalice.com/game.php?id=990550"]
[Date "2011.9.27"]
[Round "1"]
[White "Prosperidade"]
[Black "potter_brasil"]
[Result "1-0"]
[WhiteElo "2062"]
[BlackElo "1441"]

1. d4 Nf6 2. c4 g6 3. Nc3 Bg7 4. Nf3 O-O 5. e4 d6 6. Bd3 b6 7. O-O Bb7 8. d5 c6
9. Re1 Nbd7 10. Ne2 e6 11. Bd2 exd5 12. cxd5 1-0

[Event "AUTO-OPEN-2493"]
[Site "http://www.queenalice.com/game.php?id=990551"]
[Date "2011.9.27"]
[Round "1"]
[White "potter_brasil"]
[Black "Pato"]
[Result "0-1"]
[WhiteElo "1552"]
[BlackElo "2165"]

1. e4 e5 2. Bc4 Nf6 3. Nc3 Bc5 4. Nf3 O-O 5. Nxe5 d5 6. Nxd5 Nxe4 7. O-O Be6 8.
Nf4 Nxf2 9. Rxf2 Bxf2+ 10. Kxf2 Qd4+ 11. Kg3 Qxe5 12. d4 Qg5+ 13. Kf2 Bxc4 0-1

[Event "AUTO-OPEN-2493"]
[Site "http://www.queenalice.com/game.php?id=990552"]
[Date "2011.9.27"]
[Round "1"]
[White "Pato"]
[Black "potter_brasil"]
[Result "1-0"]
[WhiteElo "2166"]
[BlackElo "1550"]

1. e4 e5 2. d4 exd4 3. c3 Qe7 4. cxd4 Qxe4+ 5. Be3 Nc6 6. Nc3 Qh4 7. Nf3 Qh5 8.
Nb5 Bd6 9. Be2 Nge7 10. Ne5 Qf5 11. g4 Qe6 12. Bc4 Nd5 13. Qf3 Nxe5 14. dxe5 1-0

[Event "AUTO-INT-2156"]
[Site "http://www.queenalice.com/game.php?id=990739"]
[Date "2011.9.27"]
[Round "1"]
[White "holandes"]
[Black "potter_brasil"]
[Result "1-0"]
[WhiteElo "1711"]
[BlackElo "1562"]

1. e4 e5 2. Nf3 Nc6 3. Bb5 a6 4. Bxc6 dxc6 5. d3 Nf6 6. h3 Bd6 7. Bg5 h6 8. Bh4
O-O 9. d4 Re8 10. c3 exd4 11. Qxd4 Rxe4+ 12. Qxe4 Be7 13. Nbd2 1-0

[Event "AUTO-INT-2156"]
[Site "http://www.queenalice.com/game.php?id=990740"]
[Date "2011.9.27"]
[Round "1"]
[White "potter_brasil"]
[Black "holandes"]
[Result "0-1"]
[WhiteElo "1573"]
[BlackElo "1700"]

1. e4 e5 2. Bc4 Nf6 3. Nc3 c6 4. Nf3 d5 5. exd5 cxd5 6. Bb5+ Nc6 7. Nxe5 Qb6 8.
d3 h6 9. Qf3 Bb4 10. Bd2 O-O 11. O-O Nxe5 0-1

[Event "AUTO-INT-2156"]
[Site "http://www.queenalice.com/game.php?id=990756"]
[Date "2011.9.27"]
[Round "1"]
[White "potter_brasil"]
[Black "JeanRezende"]
[Result "0-1"]
[WhiteElo "1527"]
[BlackElo "1444"]

1. e4 e5 2. Bc4 Nf6 3. Nc3 Nc6 4. Nf3 d6 5. Ng5 Qd7 6. Bxf7+ Ke7 7. Bb3 Qg4 8.
Qxg4 Bxg4 9. O-O g6 10. h3 Bd7 0-1